| 000 | 01094nam a2200229Ia 4500 | ||
|---|---|---|---|
| 001 | L230-5819 | ||
| 003 | IT-CnALBA | ||
| 008 | 170116s9999||||xx |||||||||||||| ||und|| | ||
| 040 |
_aIT-CnALBA _cIT-CnALBA |
||
| 041 | _aITALIANO | ||
| 100 | _aCOMBLIN JOSEPH | ||
| 245 | 0 | _aTEOLOGIA DELLA PACE. VOL. II. | |
| 250 | _a1a ed. | ||
| 260 |
_aCINISELLO BALSAMO (MI) _bEDIZIONI PAOLINE _c1966 [1° Ed.:1966 - Ed.Ling.Originale: 1963] |
||
| 300 | _a586 p. | ||
| 500 | _aTRADUZIONE DI CARLO RICHELMY. NASCITA DI UNA TEOLOGIA DELLA PACE. PACE. FINE DELLA PACE OCCIDENTALE. LA CHIESA E LA STORIA UNIVERSALE. CRISTIANI E PACE. GUERRA. I CRISTIANI E LA GUERRA. INDICE ONOMASTICO. | ||
| 501 | _aSocietà San Paolo EM - Piazza San Paolo, 14 - 12051 ALBA (CN) (non commercial uses only) ® Copyright 2017 | ||
| 520 | _aTRADUZIONE DI CARLO RICHELMY. NASCITA DI UNA TEOLOGIA DELLA PACE. PACE. FINE DELLA PACE OCCIDENTALE. LA CHIESA E LA STORIA UNIVERSALE. CRISTIANI E PACE. GUERRA. I CRISTIANI E LA GUERRA. INDICE ONOMASTICO. | ||
| 650 | _aDOGMATICA CRISTIANA | ||
| 942 | _cBK | ||
| 957 | _71 | ||
| 999 |
_a6798 _bNO _g Copie: 1 _c265004 _d265004 |
||